On trade unions

Đã lưu trong:
Bibliografiske detaljer
Hovedforfatter: Lenin, V. I.
Format: Bog
Sprog:Undetermined
Udgivet: Moscow Progress Publishers 1970
Fag:
Tags: Tilføj Tag
Ingen Tags, Vær først til at tagge denne postø!
Thư viện lưu trữ: Trung tâm Học liệu Trường Đại học Cần Thơ
LEADER 00456nam a2200181Ia 4500
001 CTU_80420
008 210402s9999 xx 000 0 und d
082 |a 331.88 
082 |b L566 
100 |a Lenin, V. I. 
245 0 |a On trade unions 
245 0 |c V. I. Lenin 
260 |a Moscow 
260 |b Progress Publishers 
260 |c 1970 
650 |a Labor unions 
904 |i Trọng Hải 
980 |a Trung tâm Học liệu Trường Đại học Cần Thơ